[Event "Oberhausener SV 1 - DJK Aufwärts Aachen"]
[Site "Oberliga NRW 2015/2016"]
[Date "2016.03.06"]
[Round "7.5"]
[White "Van Dooren, Dirk"]
[Black "Kummerow, Heiko"]
[Result "1-0"]
[WhiteElo "2316"]
[BlackElo "2200"]
[PlyCount "43"]
[EventDate "2016.??.??"]
[WhiteTeam "DJK Aufwärts Aachen 2"]
[BlackTeam "Oberhausener SV 1"]

1. e4 e6 2. Nf3 d5 3. e5 c5 4. b4 c4 5. c3 a5 6. b5 Nd7 7. d3 cxd3 8. Bxd3 f6
9. Bf4 fxe5 10. Nxe5 Nxe5 11. Bxe5 Nf6 12. O-O Bd6 13. Qe2 O-O 14. Nd2 Qc7 15.
Nf3 Bd7 16. c4 Rae8 17. Rac1 Qb6 18. Bd4 Qd8 19. Ne5 dxc4 20. Nxc4 Bxb5 21.
Bxf6 Rxf6 22. Nxd6 1-0

[Event "Oberhausener SV 1 - DJK Aufwärts Aachen"]
[Site "Oberliga NRW 2015/2016"]
[Date "2016.03.06"]
[Round "7.6"]
[White "Ciornei, Dragos"]
[Black "Juegel, Marcel"]
[Result "1-0"]
[WhiteElo "2132"]
[BlackElo "2183"]
[PlyCount "89"]
[EventDate "2016.??.??"]
[WhiteTeam "Oberhausener SV 1"]
[BlackTeam "DJK Aufwärts Aachen 2"]

1. e4 e5 2. Nf3 Nf6 3. d4 Nxe4 4. Bd3 d5 5. Nxe5 Nd7 6. Nxd7 Bxd7 7. O-O Qh4 8.
c4 O-O-O 9. c5 g5 10. Nc3 Bg7 11. g3 Qh6 12. Nxe4 dxe4 13. Bxe4 f5 14. Bg2 Bc6
15. Bxc6 Qxc6 16. Bxg5 Rxd4 17. Qc2 Qg6 18. Be3 Re4 19. c6 Qxc6 20. Qxc6 bxc6
21. Rac1 Kb7 22. Rfd1 Be5 23. Rd3 Rb4 24. b3 h5 25. Rc5 Re8 26. f4 Bd6 27. Rxf5
h4 28. Kf2 hxg3+ 29. hxg3 Rh8 30. Kg2 Re4 31. g4 Rh4 32. Kf3 Re7 33. Rh5 Rxh5
34. gxh5 Rg7 35. Rd2 c5 36. h6 Rh7 37. f5 Kc6 38. Kg4 Kd7 39. Kh5 Ke7 40. Kg6
Rh8 41. Bg5+ Kf8 42. h7 Be7 43. f6 Bd6 44. Re2 a5 45. Bh6# 1-0

[Event "Oberhausener SV 1 - DJK Aufwärts Aachen"]
[Site "Oberliga NRW 2015/2016"]
[Date "2016.03.06"]
[Round "7.7"]
[White "Tochtenhagen, Wolfgang"]
[Black "Nissen, Claus"]
[Result "1-0"]
[WhiteElo "2080"]
[BlackElo "2090"]
[PlyCount "121"]
[EventDate "2016.??.??"]
[WhiteTeam "DJK Aufwärts Aachen 2"]
[BlackTeam "Oberhausener SV 1"]

1. e4 e6 2. d4 d5 3. e5 c5 4. c3 Nc6 5. Nf3 Qb6 6. Bd3 Bd7 7. O-O cxd4 8. cxd4
Nxd4 9. Nbd2 Nc6 10. Nb3 Nge7 11. Be3 Qc7 12. Rc1 Ng6 13. Nc5 Rd8 14. b4 Qb8
15. Nxd7 Rxd7 16. Bb5 Ngxe5 17. Nxe5 Nxe5 18. f4 a6 19. Ba4 b5 20. fxe5 bxa4
21. Qxa4 Qb5 22. Rc8+ Rd8 23. Rxd8+ Kxd8 24. Qc2 Qc4 25. Qxc4 dxc4 26. Rxf7 Be7
27. Rxg7 c3 28. Rg4 Kd7 29. Rc4 Rc8 30. Bc5 a5 31. a3 axb4 32. axb4 Bxc5+ 33.
bxc5 Kc6 34. Rxc3 Kd5 35. Kf2 Kxe5 36. Ke3 h6 37. g4 Kd5 38. h4 Rg8 39. c6 Rc8
40. c7 Ke5 41. Rc4 Kd5 42. Rd4+ Kc6 43. Ke4 e5 44. Rc4+ Kd6 45. Rc2 Ke6 46.
Rc6+ Kd7 47. Rxh6 Kxc7 48. Kxe5 Re8+ 49. Kf5 Ra8 50. Rh7+ Kd6 51. Kf6 Re8 52.
Rf7 Re4 53. Kg5 Ke6 54. Rf6+ Ke7 55. Rf5 Ra4 56. h5 Ra8 57. h6 Rh8 58. Kh5 Ke6
59. Rf1 Ra8 60. g5 Ra2 61. h7 1-0

[Event "Oberhausener SV 1 - DJK Aufwärts Aachen"]
[Site "Oberliga NRW 2015/2016"]
[Date "2016.03.06"]
[Round "7.8"]
[White "Voge, Andreas"]
[Black "Hoffmann, Max"]
[Result "0-1"]
[WhiteElo "2087"]
[BlackElo "1986"]
[PlyCount "58"]
[EventDate "2016.??.??"]
[WhiteTeam "Oberhausener SV 1"]
[BlackTeam "DJK Aufwärts Aachen 2"]

1. e4 c5 2. Nf3 d6 3. d4 cxd4 4. Nxd4 Nf6 5. Nc3 a6 6. f4 e5 7. Nf3 Nbd7 8. Bd3
b5 9. O-O Be7 10. Qe1 exf4 11. Bxf4 O-O 12. Rd1 Nc5 13. e5 Nxd3 14. Rxd3 Ne8
15. exd6 Bxd6 16. Ne4 Qb6+ 17. Be3 Qc6 18. Nfg5 Bb7 19. Rf6 Bxh2+ 20. Kxh2 Nxf6
21. Rc3 Ng4+ 22. Kh1 Qg6 23. Qh4 Bxe4 24. Qxg4 f5 25. Qh4 Rac8 26. Ra3 Bb7 27.
Bd4 Rxc2 28. Rg3 Rxg2 29. Rxg2 Bxg2+ 0-1

[Event "SV Wattenscheid 1 - SV Würselen 1"]
[Site "Oberliga NRW 2015/2016"]
[Date "2016.03.06"]
[Round "7.1"]
[White "Chatalbashev, Boris"]
[Black "Hopman, Pieter"]
[Result "1-0"]
[WhiteElo "2555"]
[BlackElo "2302"]
[PlyCount "91"]
[EventDate "2016.??.??"]
[WhiteTeam "SV Würselen 1"]
[BlackTeam "SV Wattenscheid 1"]

1. d4 d6 2. c4 e5 3. d5 a5 4. Nc3 Be7 5. Nf3 Bg4 6. e4 Nd7 7. Bd3 Bxf3 8. Qxf3
Bg5 9. Bxg5 Qxg5 10. h4 Qe7 11. g4 Nc5 12. Bc2 Nf6 13. O-O-O Nfd7 14. Ba4 Nxa4
15. Nxa4 Qf6 16. Qe2 b6 17. Kb1 h5 18. g5 Qe7 19. Nc3 Nf8 20. f4 exf4 21. e5
Ng6 22. e6 Ne5 23. Rhf1 f3 24. Rxf3 Nxf3 25. Qxf3 f6 26. g6 f5 27. Nb5 O-O-O
28. c5 Qe8 29. a4 Qxg6 30. cxb6 f4+ 31. Ka2 Qc2 32. bxc7 Qxa4+ 33. Na3 Rde8 34.
Rc1 Qb4 35. Qd3 Re7 36. Qa6+ Qb7 37. Qxd6 Rxc7 38. Nc4 Kb8 39. Nb6 f3 40. Nd7+
Kc8 41. Nb6+ Kb8 42. e7 f2 43. Qd8+ Qc8 44. Nxc8 Rxc1 45. Nd6+ Ka7 46. Qxa5+
1-0

[Event "SV Wattenscheid 1 - SV Würselen 1"]
[Site "Oberliga NRW 2015/2016"]
[Date "2016.03.06"]
[Round "7.2"]
[White "Peelen, Piet"]
[Black "Hovhannisyan, Mher"]
[Result "1/2-1/2"]
[WhiteElo "2309"]
[BlackElo "2475"]
[PlyCount "69"]
[EventDate "2016.??.??"]
[WhiteTeam "SV Wattenscheid 1"]
[BlackTeam "SV Würselen 1"]

1. d4 d5 2. Nf3 Nf6 3. c4 e6 4. g3 dxc4 5. Qa4+ Nbd7 6. Bg2 a6 7. Qxc4 b5 8.
Qc6 Ra7 9. Qc2 Bb7 10. a4 Be4 11. Qd1 b4 12. Bg5 c5 13. Nbd2 Ba8 14. O-O Be7
15. Rc1 O-O 16. Nb3 h6 17. Bxf6 Bxf6 18. Qc2 Bxf3 19. Bxf3 cxd4 20. Rfd1 Bg5
21. Rb1 Rc7 22. Qd3 Ne5 23. Qxa6 Nxf3+ 24. exf3 e5 25. Qb5 Bf6 26. Rbc1 Rd7 27.
Nc5 Rd5 28. Qxb4 Be7 29. Qb5 Qa8 30. b4 Rb8 31. Qc4 Rc8 32. Qb5 Rb8 33. Qc4 Rc8
34. Qb5 Rb8 35. Qc4 1/2-1/2

[Event "SV Wattenscheid 1 - SV Würselen 1"]
[Site "Oberliga NRW 2015/2016"]
[Date "2016.03.06"]
[Round "7.3"]
[White "Geiernaert, Steven"]
[Black "Lai, Hing Ting"]
[Result "1-0"]
[WhiteElo "2424"]
[BlackElo "2294"]
[PlyCount "65"]
[EventDate "2016.??.??"]
[WhiteTeam "SV Würselen 1"]
[BlackTeam "SV Wattenscheid 1"]

1. d4 Nf6 2. c4 e6 3. Nc3 Bb4 4. f3 O-O 5. e4 d5 6. e5 Nfd7 7. cxd5 exd5 8. f4
c5 9. Be3 cxd4 10. Bxd4 Nc6 11. Nf3 Nxd4 12. Qxd4 Qa5 13. a3 Bxc3+ 14. bxc3 Nc5
15. Qb4 Qc7 16. Rc1 Bf5 17. Be2 Bd3 18. h4 a5 19. Qb2 Ra6 20. Qa2 Qb6 21. Nd4
Qh6 22. O-O Rd8 23. Bxd3 Nxd3 24. Rcd1 Nc5 25. Nf5 Qe6 26. Rxd5 Rf8 27. Nd4 Qc8
28. Qc4 Ne4 29. Qd3 Nc5 30. Qf3 Rb6 31. f5 Na4 32. f6 g6 33. Qe3 1-0

[Event "SV Wattenscheid 1 - SV Würselen 1"]
[Site "Oberliga NRW 2015/2016"]
[Date "2016.03.06"]
[Round "7.4"]
[White "Franke, Johannes"]
[Black "Docx, Stefan"]
[Result "0-1"]
[WhiteElo "2257"]
[BlackElo "2427"]
[PlyCount "76"]
[EventDate "2016.??.??"]
[WhiteTeam "SV Wattenscheid 1"]
[BlackTeam "SV Würselen 1"]

1. e4 c5 2. Nc3 a6 3. g3 b5 4. Bg2 Bb7 5. d3 e6 6. Qe2 Nc6 7. Nf3 d6 8. O-O Be7
9. Be3 Nf6 10. Nd2 O-O 11. f4 d5 12. e5 d4 13. exf6 Bxf6 14. Nce4 dxe3 15.
Nxf6+ Qxf6 16. Qxe3 Qxb2 17. Qxc5 Rab8 18. Bxc6 Rfc8 19. Rfb1 Qf6 20. Ne4 Qd8
21. Rb4 Rxc6 22. Qf2 Rbc8 23. Rd4 Qe7 24. Rc1 f5 25. Ng5 e5 26. Qe3 h6 27. Nf3
Rxc2 28. Rxc2 Rxc2 29. Qxe5 Qf7 30. Rd8+ Kh7 31. Ne1 Rxa2 32. g4 fxg4 33. f5 g3
34. Qxg3 Qxf5 35. Re8 b4 36. d4 Qb1 37. Kf1 Bg2+ 38. Kg1 Bc6 0-1

[Event "SV Wattenscheid 1 - SV Würselen 1"]
[Site "Oberliga NRW 2015/2016"]
[Date "2016.03.06"]
[Round "7.5"]
[White "Cekro, Ekrem"]
[Black "Hirsch, Stefan"]
[Result "1-0"]
[WhiteElo "2376"]
[BlackElo "2193"]
[PlyCount "59"]
[EventDate "2016.??.??"]
[WhiteTeam "SV Würselen 1"]
[BlackTeam "SV Wattenscheid 1"]

1. c4 g6 2. g3 Bg7 3. Bg2 d6 4. Nc3 e5 5. e3 Nc6 6. Nge2 Nge7 7. O-O O-O 8. h3
Be6 9. Nd5 Qd7 10. Kh2 Rae8 11. d3 Nc8 12. Qa4 Nb6 13. Qb3 e4 14. dxe4 Na5 15.
Qc2 Naxc4 16. Nec3 c6 17. Nf4 Qe7 18. b3 Ne5 19. Ba3 Nc8 20. Rad1 Qf6 21. Nxe6
Rxe6 22. f4 Ng4+ 23. hxg4 Qxc3 24. Qxc3 Bxc3 25. e5 Rd8 26. Rd3 Ba5 27. exd6
Nxd6 28. Rfd1 Bc7 29. e4 f6 30. f5 1-0

[Event "SV Wattenscheid 1 - SV Würselen 1"]
[Site "Oberliga NRW 2015/2016"]
[Date "2016.03.06"]
[Round "7.6"]
[White "Koerber, Matthias"]
[Black "Beukema, Stefan"]
[Result "0-1"]
[WhiteElo "2139"]
[BlackElo "2332"]
[PlyCount "66"]
[EventDate "2016.??.??"]
[WhiteTeam "SV Wattenscheid 1"]
[BlackTeam "SV Würselen 1"]

1. d4 f5 2. c4 Nf6 3. g3 g6 4. Bg2 Bg7 5. Nf3 O-O 6. O-O d6 7. b3 Qe8 8. Bb2
Na6 9. Nc3 e5 10. Qd2 e4 11. Ne1 c5 12. Nc2 b6 13. a4 Bb7 14. a5 d5 15. cxd5
Rd8 16. axb6 axb6 17. Rfd1 Nxd5 18. Nxd5 Rxd5 19. e3 Nc7 20. Bf1 Ne6 21. Bc4
Rd8 22. b4 Bd5 23. Qe2 Bxc4 24. Qxc4 b5 25. Qa2 c4 26. d5 Ng5 27. Bxg7 Kxg7 28.
Qb2+ Kh6 29. Kg2 Rd6 30. Ra5 Qd7 31. Qd4 f4 32. Ra7 Qh3+ 33. Kh1 Rdf6 0-1

[Event "SV Wattenscheid 1 - SV Würselen 1"]
[Site "Oberliga NRW 2015/2016"]
[Date "2016.03.06"]
[Round "7.8"]
[White "Voss, Gunther"]
[Black "Heinichen, Nils"]
[Result "1/2-1/2"]
[WhiteElo "2106"]
[BlackElo "2085"]
[PlyCount "30"]
[EventDate "2016.??.??"]
[WhiteTeam "SV Wattenscheid 1"]
[BlackTeam "SV Würselen 1"]

1. e4 c5 2. Nf3 Nc6 3. Bb5 g6 4. Bxc6 dxc6 5. h3 Bg7 6. d3 e5 7. O-O Qe7 8.
Nbd2 Nf6 9. Nc4 Nd7 10. a4 O-O 11. a5 Rd8 12. Be3 Nf8 13. Ra4 f6 14. Qa1 Ne6
15. Rd1 Nd4 1/2-1/2

[Event "SF Katernberg 2 - SC Rochade Emsdetten "]
[Site "NRW-Klasse, Gruppe 1 2015/201"]
[Date "2016.03.06"]
[Round "7.1"]
[White "Kabatianski, Alexander"]
[Black "Rosen, Bernd"]
[Result "1-0"]
[WhiteElo "2378"]
[BlackElo "2233"]
[Annotator "Hausrath,Daniel"]
[PlyCount "99"]
[EventDate "2016.??.??"]
[WhiteTeam "SC Rochade Emsdetten 1"]
[BlackTeam "SF Katernberg 2"]

1. d4 Nf6 2. Nf3 c5 3. d5 d6 4. Nc3 g6 5. e4 Bg7 6. Be2 O-O 7. O-O Na6 8. Nd2
Nc7 9. a4 e6 10. Nc4 Nxe4 11. Nxe4 exd5 12. Nexd6 dxc4 13. c3 Be6 14. Nxb7 Qh4
15. Qd6 Rac8 16. Qg3 Qxg3 17. hxg3 Nd5 18. Nd6 Rcd8 19. Nb5 Rfe8 20. Nxa7 Ra8
21. Nb5 Bd7 22. Bf3 Bxb5 23. Bxd5 Rxa4 24. Rxa4 Bxa4 25. Bxc4 Rb8 26. Re1 Bf8
27. g4 h6 28. Kf1 Kg7 29. Bd5 Bd6 30. Bc4 g5 31. Re2 Bf8 32. Rd2 Be7 33. f3 Bf6
34. Kf2 Be5 35. g3 Bf6 36. Rd5 Be7 37. Rf5 f6 38. Rd5 Bc6 39. Rd1 Ba4 40. Re1
Kf8 41. Re6 Bc2 42. Ra6 Rd8 43. Be3 Rb8 44. Bc1 Rd8 45. Rb6 Bg6 46. Be3 Ra8 47.
Ke2 Ke8 48. Bd5 Rd8 49. c4 Bd6 50. Bd2 {Rest nicht nachvollziehbar!} 1-0

[Event "SF Katernberg 2 - SC Rochade Emsdetten "]
[Site "NRW-Klasse, Gruppe 1 2015/201"]
[Date "2016.03.06"]
[Round "7.2"]
[White "Wessendorf, Thomas"]
[Black "Lehmann, Holger"]
[Result "1-0"]
[WhiteElo "2225"]
[BlackElo "2153"]
[Annotator "Hausrath,Daniel"]
[PlyCount "61"]
[EventDate "2016.??.??"]
[WhiteTeam "SF Katernberg 2"]
[BlackTeam "SC Rochade Emsdetten 1"]

1. e4 c5 2. Nf3 Nc6 3. d4 cxd4 4. Nxd4 e5 5. Nb5 a6 6. Nd6+ Bxd6 7. Qxd6 Qf6 8.
Qd1 Qg6 9. Nc3 Nge7 10. h4 h5 $11 11. Bg5 d5 12. exd5 Nd4 13. Bxe7 Kxe7 14. Bd3
Bf5 15. Bxf5 Qxf5 16. O-O Rh6 17. f4 Rg6 18. fxe5 Qxc2 19. Rf2 Qxd1+ 20. Rxd1
Nb5 21. Ne4 Rc8 22. a4 Na7 23. d6+ Ke6 24. Ng5+ Rxg5 25. hxg5 Nc6 26. d7 Rd8
27. Rd6+ Kxe5 28. Rfd2 Kf4 29. Re2 Kxg5 30. Re8 a5 31. Rxc6 1-0

[Event "SF Katernberg 2 - SC Rochade Emsdetten "]
[Site "NRW-Klasse, Gruppe 1 2015/201"]
[Date "2016.03.06"]
[Round "7.3"]
[White "Paalman, Henk-Jan"]
[Black "Bee, Marcus"]
[Result "1/2-1/2"]
[WhiteElo "2128"]
[BlackElo "2162"]
[PlyCount "41"]
[EventDate "2016.??.??"]
[WhiteTeam "SC Rochade Emsdetten 1"]
[BlackTeam "SF Katernberg 2"]

1. d4 d6 2. Nf3 Bg4 3. c3 Bxf3 4. exf3 c6 5. Bd3 e6 6. O-O g6 7. Re1 Bg7 8. Bf4
d5 9. Nd2 Nf6 10. Qb3 Qb6 11. Qa3 Bf8 12. b4 Nbd7 13. Nb3 Be7 14. Qc1 O-O 15.
Rb1 Qd8 16. h3 Ne8 17. Re2 Bd6 18. Bxd6 Nxd6 19. Nc5 b6 20. Nxd7 Qxd7 21. Qh6
1/2-1/2

[Event "SF Katernberg 2 - SC Rochade Emsdetten "]
[Site "NRW-Klasse, Gruppe 1 2015/201"]
[Date "2016.03.06"]
[Round "7.4"]
[White "Gassmann, Volker"]
[Black "Mueller, Achim"]
[Result "1-0"]
[WhiteElo "2108"]
[BlackElo "2034"]
[PlyCount "113"]
[EventDate "2016.??.??"]
[WhiteTeam "SF Katernberg 2"]
[BlackTeam "SC Rochade Emsdetten 1"]

1. d4 f5 2. e4 fxe4 3. Nc3 Nf6 4. Bg5 Nc6 5. d5 Ne5 6. Qd4 Nf7 7. h4 c6 8.
O-O-O Qb6 9. Qd2 d6 10. Bc4 Ne5 11. Bb3 c5 12. Bxf6 gxf6 13. Nxe4 Bd7 14. Qe2
O-O-O 15. Kb1 Rg8 16. g3 Kb8 17. Nd2 Bb5 18. c4 Be8 19. Bc2 h5 20. Nh3 Bh6 21.
f4 Ng4 22. Rhe1 Bf8 23. Bd3 Bd7 24. Nf2 Nh6 25. Nde4 Bg4 26. Nxg4 Rxg4 27. Qh2
Rg8 28. Be2 Ng4 29. Bxg4 Rxg4 30. Re3 Qc7 31. Qe2 Qd7 32. Qd3 Rg7 33. Nf2 Qe8
34. f5 Rh7 35. Rde1 Bh6 36. Rf3 Qg8 37. a3 Rg7 38. Kc2 Rd7 39. Re4 Rc7 40. Kd1
Qc8 41. Ke2 a6 42. Kf1 Qd7 43. Kg2 Qa4 44. Qe2 Kc8 45. Rc3 Qe8 46. Kh2 Rh7 47.
Re6 Qf7 48. b4 Rh8 49. Rb3 Rd8 50. Ne4 b6 51. bxc5 bxc5 52. Rb6 Rdd7 53. Rxa6
Ra7 54. Rxa7 Rxa7 55. Rxd6 Rxa3 56. Rc6+ Kd7 57. Nxc5+ 1-0

[Event "SF Katernberg 2 - SC Rochade Emsdetten "]
[Site "NRW-Klasse, Gruppe 1 2015/201"]
[Date "2016.03.06"]
[Round "7.6"]
[White "Villwock, Martin"]
[Black "Lemli, Thomas"]
[Result "1-0"]
[WhiteElo "2052"]
[BlackElo "1992"]
[PlyCount "89"]
[EventDate "2016.??.??"]
[WhiteTeam "SF Katernberg 2"]
[BlackTeam "SC Rochade Emsdetten 1"]

1. e4 e6 2. d4 d5 3. Nc3 Nf6 4. e5 Nfd7 5. Nce2 c5 6. c3 Nc6 7. f4 Qb6 8. Nf3
f6 9. a3 Be7 10. h4 O-O 11. Rh3 cxd4 12. cxd4 Na5 13. b4 Nc4 14. Nc3 Qc7 15.
Qc2 f5 16. Ng5 Ndb6 17. g4 h6 18. gxf5 Rxf5 19. Nf3 Bd7 20. Bd3 Raf8 21. Nd1
Qd8 22. Ra2 Qe8 23. Qh2 Kh8 24. Rg2 R8f7 25. Rg4 Bb5 26. Nc3 Bd7 27. Ne2 Bf8
28. Ng5 Bb5 29. Nxf7+ Qxf7 30. Nc3 Be8 31. Rg5 Rxg5 32. hxg5 Qc7 33. Bb1 a5 34.
bxa5 Nxa5 35. f5 exf5 36. gxh6 g6 37. h7 Bg7 38. Bg5 Nb3 39. Qf4 Qf7 40. Ba2
Na5 41. Bh6 Bxh6 42. Qxh6 Nac4 43. Nxd5 Nxd5 44. Bxc4 Bc6 45. Rg3 1-0

[Event "SF Katernberg 2 - SC Rochade Emsdetten "]
[Site "NRW-Klasse, Gruppe 1 2015/201"]
[Date "2016.03.06"]
[Round "7.8"]
[White "Rosen, Willy"]
[Black "Lehmann, Mona"]
[Result "1-0"]
[WhiteElo "2175"]
[BlackElo "1933"]
[PlyCount "79"]
[EventDate "2016.??.??"]
[WhiteTeam "SF Katernberg 2"]
[BlackTeam "SC Rochade Emsdetten 1"]

1. e4 c5 2. Nc3 a6 3. f4 e6 4. g3 b5 5. Bg2 Bb7 6. d3 Nf6 7. Nf3 d5 8. e5 Nfd7
9. O-O Be7 10. Ne2 Nc6 11. c3 Nf8 12. Be3 Rb8 13. Qe1 b4 14. Qf2 Qb6 15. a3 a5
16. d4 c4 17. f5 exf5 18. Nd2 Nd8 19. Qxf5 Qg6 20. Qf2 Nfe6 21. Bh3 Qh5 22. Bf5
b3 23. Rae1 O-O 24. h4 g5 25. Kg2 Ng7 26. hxg5 Nxf5 27. Qxf5 Qg6 28. Qd7 Qe6
29. Qxe6 Nxe6 30. Nf3 Rbd8 31. Rh1 Kg7 32. Rh5 Rh8 33. Nh4 Rdg8 34. Rf1 Kf8 35.
g6 Bxh4 36. Rxf7+ Ke8 37. Rxh4 Nd8 38. Rfxh7 Rxh7 39. gxh7 Rh8 40. Bg5 1-0

[Event "PSV Duisburg 1 - SK Werther 1"]
[Site "NRW-Klasse, Gruppe 1 2015/201"]
[Date "2016.03.06"]
[Round "7.1"]
[White "Suchland, Marko"]
[Black "Maslak, Sulejman"]
[Result "1/2-1/2"]
[WhiteElo "2134"]
[BlackElo "2301"]
[PlyCount "119"]
[EventDate "2016.??.??"]
[WhiteTeam "SK Werther 1"]
[BlackTeam "PSV Duisburg 1"]

1. c4 e5 2. g3 Nf6 3. Bg2 d5 4. cxd5 Nxd5 5. Nf3 Nc6 6. O-O Be7 7. d4 exd4 8.
Nxd4 Nxd4 9. Qxd4 Nb4 10. Qxd8+ Bxd8 11. Nc3 c6 12. a3 Na6 13. Be3 O-O 14. b4
Bf6 15. Rac1 Nc7 16. a4 a6 17. Bb6 Ne6 18. Rfd1 Re8 19. Ne4 Be7 20. Nd6 Bxd6
21. Rxd6 Nf8 22. Rcd1 Be6 23. b5 axb5 24. axb5 Bb3 25. Rb1 Ba4 26. bxc6 Bxc6
27. Rxc6 bxc6 28. Bxc6 Rab8 29. Bxe8 Rxe8 30. Be3 h6 31. h4 Nd7 32. Kf1 Nf6 33.
Bf4 Nd5 34. Rb8 Rxb8 35. Bxb8 f5 36. Be5 Kf7 37. e3 g6 38. Ke2 Ke6 39. Bg7 h5
40. f3 Ne7 41. e4 fxe4 42. fxe4 Nc6 43. Ke3 Nd8 44. Bc3 Nf7 45. Kf4 Nd6 46. Bb4
Nc4 47. Bc3 Nd6 48. Be5 Nb5 49. Bb8 Nd4 50. Ba7 Nc6 51. Bb6 Ne5 52. Kg5 Kf7 53.
Bc7 Nd7 54. Kf4 Ke6 55. Ba5 Ne5 56. Bc3 Nc6 57. Kg5 Kf7 58. Bf6 Nb8 59. Be5 Nc6
60. Bf6 1/2-1/2

[Event "PSV Duisburg 1 - SK Werther 1"]
[Site "NRW-Klasse, Gruppe 1 2015/201"]
[Date "2016.03.06"]
[Round "7.2"]
[White "Wengenroth, Walter"]
[Black "Henkemeier, Markus"]
[Result "1/2-1/2"]
[WhiteElo "2207"]
[BlackElo "2035"]
[PlyCount "81"]
[EventDate "2016.??.??"]
[WhiteTeam "PSV Duisburg 1"]
[BlackTeam "SK Werther 1"]

1. c4 c6 2. d4 d5 3. Nc3 Nf6 4. e3 g6 5. Nf3 Bg4 6. h3 Bxf3 7. Qxf3 Bg7 8. Bd3
O-O 9. O-O e6 10. Rd1 Nbd7 11. b3 Re8 12. Bb2 Rc8 13. Bf1 Qc7 14. Qe2 Qb8 15.
Rab1 a6 16. a4 Qa7 17. b4 dxc4 18. Qxc4 b5 19. Qb3 Nb6 20. axb5 cxb5 21. g3
Nbd5 22. Nxd5 Nxd5 23. e4 Nb6 24. Ba1 Nc4 25. Rbc1 Nd6 26. Qd3 Red8 27. Rc5 Nc4
28. Qb3 Nd6 29. Bg2 Nb7 30. Rxc8 Rxc8 31. d5 Bxa1 32. Rxa1 exd5 33. Qxd5 Rd8
34. Qxb5 Qxf2+ 35. Kxf2 axb5 36. e5 Rd2+ 37. Kf1 Nd8 38. Ra5 Ne6 39. Rxb5 Rb2
40. Rb8+ Kg7 41. Bd5 1/2-1/2

[Event "PSV Duisburg 1 - SK Werther 1"]
[Site "NRW-Klasse, Gruppe 1 2015/201"]
[Date "2016.03.06"]
[Round "7.3"]
[White "Goecke, Karl Ulrich"]
[Black "Kleff, Andre"]
[Result "1-0"]
[WhiteElo "2079"]
[BlackElo "2084"]
[Annotator "Hausrath,Daniel"]
[PlyCount "89"]
[EventDate "2016.??.??"]
[WhiteTeam "SK Werther 1"]
[BlackTeam "PSV Duisburg 1"]

1. d4 d5 2. Nf3 c6 3. e3 e6 4. c4 f5 5. Be2 Nf6 6. O-O Bd6 7. b3 Qe7 8. a4 O-O
9. Ba3 Bxa3 10. Nxa3 Ne4 11. Qc1 Nd7 12. Nb1 g5 13. Nc3 g4 14. Ne1 Qg7 15. f3
gxf3 16. Bxf3 Ndf6 17. Nd3 Bd7 18. Ne5 Ng5 19. Ne2 Nf7 20. Nxf7 Rxf7 $11 21.
Nf4 Re8 22. Nd3 Rff8 23. Qa3 Bc8 24. a5 a6 25. Qd6 Kh8 26. Qe5 Nd7 27. Qxg7+
Kxg7 28. Rfe1 dxc4 29. bxc4 e5 30. Bh5 Re7 31. g3 Kh6 32. Be2 Kg5 33. Bf1 Rfe8
34. Kf2 Kf6 35. d5 Rg7 36. Bg2 cxd5 37. cxd5 b6 38. Rec1 bxa5 39. Rc6+ Kf7 40.
Rac1 Rgg8 41. Rc7 e4 42. Nf4 a4 43. Bh3 Kf6 44. R1c6+ Ke5 45. Rxc8 1-0

[Event "PSV Duisburg 1 - SK Werther 1"]
[Site "NRW-Klasse, Gruppe 1 2015/201"]
[Date "2016.03.06"]
[Round "7.4"]
[White "Heisel, Guido"]
[Black "Ortpaul, Mario"]
[Result "1-0"]
[WhiteElo "2051"]
[BlackElo "1964"]
[PlyCount "51"]
[EventDate "2016.??.??"]
[WhiteTeam "PSV Duisburg 1"]
[BlackTeam "SK Werther 1"]

1. d4 Nf6 2. Bg5 Ne4 3. Bf4 d5 4. e3 c5 5. Bd3 Qb6 6. Bxe4 dxe4 7. Nc3 cxd4 8.
Qxd4 Qxd4 9. exd4 Bf5 10. Nge2 Nc6 11. d5 Nb4 12. Nd4 Bg6 13. a3 Na6 14. h4 h5
15. Rh3 Bh7 16. O-O-O Rc8 17. Ndb5 Bf5 18. Re3 g6 19. Nxa7 Ra8 20. Nab5 Bg7 21.
Nxe4 O-O 22. Nec3 Rfe8 23. Rde1 Kf8 24. Kb1 Bf6 25. d6 e5 26. Bxe5 1-0

[Event "PSV Duisburg 1 - SK Werther 1"]
[Site "NRW-Klasse, Gruppe 1 2015/201"]
[Date "2016.03.06"]
[Round "7.5"]
[White "Jakovljevic, Goran"]
[Black "Sponheim, Marko"]
[Result "0-1"]
[WhiteElo "1904"]
[BlackElo "1972"]
[PlyCount "108"]
[EventDate "2016.??.??"]
[WhiteTeam "SK Werther 1"]
[BlackTeam "PSV Duisburg 1"]

1. e4 c5 2. b3 Nc6 3. Bb2 e5 4. Bc4 Nf6 5. Nc3 d6 6. Nge2 Be7 7. O-O a6 8. h3
O-O 9. d3 b5 10. Bd5 Bb7 11. f4 b4 12. Bxc6 Bxc6 13. Nb1 Nd7 14. fxe5 Nxe5 15.
Bxe5 dxe5 16. Nd2 Bg5 17. Nc4 f6 18. Qe1 Bb5 19. Qf2 Bxc4 20. bxc4 Qd6 21. h4
Bh6 22. g4 g6 23. Kg2 Ra7 24. Qg3 Bg7 25. Qe3 a5 26. a3 Rfa8 27. c3 b3 28. a4
Rd8 29. Rfd1 Rb7 30. Rab1 Qc6 31. Rb2 f5 32. gxf5 gxf5 33. Qg5 Rd6 34. Qxf5 Rf7
35. Qh3 Rg6+ 36. Ng3 Qf6 37. Kh2 Qf3 38. Rf1 Qxd3 39. Rxf7 Kxf7 40. Rf2+ Bf6
41. Nh5 Qd1 42. Qf3 Qxf3 43. Rxf3 Ke7 44. Kh3 Rg1 45. Rf2 Rh1+ 46. Kg2 Rc1 47.
Kg3 Rc2 48. Rf1 b2 49. Rb1 Rxc3+ 50. Kg4 Rb3 51. Kf5 Bxh4 52. Kxe5 Bf2 53. Kd5
Bd4 54. Nf4 Ra3 0-1

[Event "PSV Duisburg 1 - SK Werther 1"]
[Site "NRW-Klasse, Gruppe 1 2015/201"]
[Date "2016.03.06"]
[Round "7.6"]
[White "Kretschmann, Thomas"]
[Black "Hufendiek, Ekkehard"]
[Result "1-0"]
[WhiteElo "2086"]
[BlackElo "1852"]
[PlyCount "55"]
[EventDate "2016.??.??"]
[WhiteTeam "PSV Duisburg 1"]
[BlackTeam "SK Werther 1"]

1. e4 e5 2. Nf3 Nc6 3. Bb5 f5 4. d4 fxe4 5. Nxe5 Nxe5 6. dxe5 c6 7. Nc3 cxb5 8.
Nxe4 d5 9. exd6 Nf6 10. Bg5 Qa5+ 11. Bd2 b4 12. Nxf6+ gxf6 13. O-O Be6 14. Re1
Kd7 15. Bf4 Qd5 16. Qe2 h5 17. Rad1 Qc4 18. Qf3 Qc6 19. Qd3 Re8 20. f3 Bh6 21.
Bg3 a6 22. Bf2 Bf4 23. Qd4 Be5 24. Qxb4 f5 25. Rxe5 Rhg8 26. Rc5 Qxf3 27. Rc7+
Kd8 28. Qh4+ 1-0

[Event "PSV Duisburg 1 - SK Werther 1"]
[Site "NRW-Klasse, Gruppe 1 2015/201"]
[Date "2016.03.06"]
[Round "7.7"]
[White "Henkemeier, Michael"]
[Black "Sirringhaus, Wilfried"]
[Result "1/2-1/2"]
[WhiteElo "1815"]
[BlackElo "2054"]
[PlyCount "91"]
[EventDate "2016.??.??"]
[WhiteTeam "SK Werther 1"]
[BlackTeam "PSV Duisburg 1"]

1. d4 Nf6 2. Nf3 d6 3. c4 g6 4. Nc3 Bg7 5. e4 O-O 6. Be2 b6 7. O-O c5 8. Be3
Ng4 9. Qd2 Nc6 10. Rad1 Nxe3 11. fxe3 Bg4 12. d5 Bxf3 13. Rxf3 Ne5 14. Rf2 Bh6
15. Rdf1 Qd7 16. b3 e6 17. Rf6 Qe7 18. Bd3 Ng4 19. R6f3 Qg5 20. Nd1 exd5 21.
Rg3 dxe4 22. Be2 f5 23. Qd5+ Kh8 24. Bxg4 fxg4 25. Qxg5 Bxg5 26. Rxg4 Bf6 27.
Rxe4 Be5 28. Nf2 Rae8 29. g3 Bg7 30. Rxe8 Rxe8 31. e4 Bd4 32. Re1 Rf8 33. Re2
Kg7 34. Kg2 Bxf2 35. Rxf2 Rxf2+ 36. Kxf2 Kf6 37. Kf3 h5 38. Kf4 g5+ 39. Kf3 Ke5
40. Ke3 Ke6 41. Kf3 a6 42. Ke3 Ke5 43. Kd3 b5 44. Ke3 b4 45. Kd3 h4 46. Ke3
1/2-1/2